000 01283nam a2200217Ia 4500
999 _c34927
_d34927
001 755
003 GE_BSU
005 20220921145401.0
008 181216s1997||||ge |||||||||||||| ||geo||
020 _a5520015236
040 _cGE_BSU
041 _ageo
080 _a333:336:681.3(038)+802.0 ბ–56
100 _aბერულავა, რ.
_91035
245 _aინგლისურ–ქართული უნივერსალური ბიზნეს–ლექსიკონი=English-Georgian Universal Business-Dictionary :
_bეკონომიკა, მარკეტინგი, მენეჯმენტი... შეიცავს 15000-მდე ინგლ. ტერმინს... და 30000-მდე ქართ. ლექსიკურ ერთეულს... /
_cიაკობ მესხიას, ზურაბ გალდავას და ალექსანდრე ღლონტის რედ. ; საქ. საინჟ. აკად.
264 _aთბილისი :
_bიბერთედ-პრესი,
_c1997.
300 _a349 გვ.;
_b20 სმ.
653 _a ლექსიკონი
700 _aბერულავა, თეა
_eავტორი
_914663
942 _cBK
_2udc